Statistics for Anagrams - Fruit

Click here to take the quiz!

General Stats

  • This quiz has been taken 402 times
  • The average score is 12 of 20

Answer Stats

AnagramFruit% Correct
reappear
99%
starry brewstrawberry
96%
pagergrape
91%
wikikiwi
83%
cheappeach
83%
an ogreorange
74%
rip coatapricot
70%
i loveolive
68%
cement lineclementine
65%
barren crycranberry
65%
drain manmandarin
60%
spry barerraspberry
59%
lawn meteorwatermelon
58%
genie ranttangerine
50%
magenta ropepomegranate
43%
aid rundurian
37%
ace internnectarine
31%
sniper mompersimmon
31%
buried raftbreadfruit
12%
four pianistspassion fruit
11%

Score Distribution

Percentile by Number Answered

Percent of People with Each Score

Your Score History

You have not taken this quiz